|
|
|
|
| LEADER |
00000cam a2200000 a 4500 |
| 001 |
vtls008367759 |
| 003 |
SK-MaSNL |
| 005 |
20260301181539.0 |
| 008 |
250313s1937 xo o p 000 m slo |
| 015 |
|
|
|a SNBA19191938-001731
|
| 035 |
|
|
|a SK01SNKBSKHR20010059976
|
| 035 |
|
|
|a urn:nbn:sk:snk-am3hteq
|
| 035 |
|
|
|a 42A2B5B2-3BC6-416F-B061-B274ABEA154F
|
| 035 |
|
|
|a urn:nbn:sk:snk-am00d8ni
|
| 035 |
|
|
|a SKM000062439
|
| 040 |
|
|
|a SNK
|b slo
|c SNK
|e AACR2
|
| 041 |
0 |
|
|a slo
|
| 044 |
|
|
|a xo
|c SK
|
| 080 |
|
|
|a 372(075)
|2 1981
|
| 100 |
1 |
|
|a Dafčík, Ján,
|d 1896-1967
|4 aut
|9 121477
|
| 245 |
1 |
0 |
|a Slovenské deti
|b čítanie pre šiesty postupný ročník slovenských ľudových škôl
|c Ján Dafčík, Bednarovič, Branický a Svoboda
|
| 260 |
|
|
|a Trnava
|b Spolok sv. Vojtecha
|c 1937
|e Trnava
|f Spolok Sv. Vojtecha
|
| 300 |
|
|
|a 173, [2] s.
|b fotogr.
|c 8°
|
| 655 |
|
7 |
|a čítanky
|2 SNKPH
|9 60817
|
| 655 |
|
7 |
|a učebnice základných škôl
|2 SNKPH
|9 70187
|
| 700 |
1 |
|
|a Bednarovič
|4 aut
|9 346549
|
| 700 |
1 |
|
|a Branický, Michal,
|d 1877-1937
|4 aut
|9 199545
|
| 700 |
1 |
|
|a Svoboda
|4 aut
|9 346550
|
| 852 |
|
|
|a Slovenská národná knižnica
|
| 954 |
|
|
|a odborná, vedecká literatúra pôvodná (slovenská)
|2 lita
|
| 958 |
|
|
|a OND
|
| 958 |
|
|
|a RK
|
| 958 |
|
|
|a TL
|
| 999 |
|
|
|c 850366
|d 852296
|
| 952 |
|
|
|a SNK
|b SNK
|y VYP
|7 0
|p 17A1542328
|o snkSC 2365/[5] D1
|i snkI. 228/49
|0 0
|1 0
|4 0
|d 2024-03-05
|l 0
|r 2026-02-24 04:39:41
|w 2026-02-24
|
| 952 |
|
|
|a SNK
|b SNK
|y VYP
|7 0
|p 17A1542329
|o snkSC 2365/[5] D2
|i snkI. 407/49
|0 0
|1 0
|4 0
|d 2024-03-05
|l 0
|r 2026-02-24 04:39:41
|w 2026-02-24
|
| 952 |
|
|
|a SNK
|b SNK
|y PREZ
|7 0
|p 17A0753195
|o snkSC 2365/[5]
|i snk190/38
|0 0
|1 0
|4 0
|d 2017-08-14
|f 1
|l 0
|r 2025-06-17 00:00:00
|w 2026-02-24
|